[Event "HUN-chT2 Erkel 1516"]
[Site "Hungary"]
[Date "2016.04.03"]
[Round "10.9"]
[White "Marti, Gyorgy"]
[Black "Feher, Mihaly"]
[Result "1/2-1/2"]
[WhiteElo "2145"]
[BlackElo "1681"]
[PlyCount "100"]
[EventDate "2015.09.13"]
[EventType "team-tourn"]
[EventRounds "11"]
[EventCountry "HUN"]
[SourceTitle "EXT 2017"]
[Source "ChessBase"]
[SourceDate "2016.10.25"]
[SourceVersion "1"]
[SourceVersionDate "2016.10.25"]
[SourceQuality "1"]
[WhiteTeam "HASE"]
[BlackTeam "GSBE"]
[WhiteTeamCountry "HUN"]
[BlackTeamCountry "HUN"]

1. d4 d5 2. c4 c6 3. Nf3 Bf5 4. Nc3 e6 5. Qb3 Qb6 6. Bf4 Qxb3 7. axb3 Nd7 8. Kd2 Ngf6 9. e3 Ne4+ 10. Nxe4 Bxe4 11. Bd3 Bxd3 12. Kxd3 Be7 13. Nd2 f6 14. e4 dxe4+ 15. Nxe4 Kf7 16. Kc3 f5 17. Nd6+ Bxd6 18. Bxd6 Rhe8 19. Rhe1 Nf6 20. f3 h5 21. h4 a6 22. Re2 Rad8 23. Be5 Rd7 24. Rae1 Nh7 25. b4 Nf8 26. b3 Red8 27. g4 fxg4 28. fxg4 hxg4 29. Re4 g6 30. Rf1+ Kg8 31. Rxg4 Rf7 32. Rfg1 Rf5 33. Rg5 Rxg5 34. Rxg5 Rd7 35. h5 Kh7 36. Kd3 gxh5 37. Rxh5+ Kg6 38. Rh1 Rh7 39. Rg1+ Kf7 40. Rg4 Nd7 41. Ke4 Nf6+ 42. Bxf6 Kxf6 43. d5 exd5+ 44. cxd5 cxd5+ 45. Kxd5 Rh5+ 46. Kc4 Ke6 47. Rd4 Rb5 48. Rd1 Ke7 49. Ra1 Kd7 50. Ra5 Kc6 1/2-1/2

[Event "HUN-chT2 Erkel 1516"]
[Site "Hungary"]
[Date "2016.02.14"]
[Round "7.7"]
[White "Marti, Gyorgy"]
[Black "Kovacs, Daniel"]
[Result "1/2-1/2"]
[WhiteElo "2145"]
[BlackElo "1908"]
[PlyCount "82"]
[EventDate "2015.09.13"]
[EventType "team-tourn"]
[EventRounds "11"]
[EventCountry "HUN"]
[SourceTitle "EXT 2017"]
[Source "ChessBase"]
[SourceDate "2016.10.25"]
[SourceVersion "1"]
[SourceVersionDate "2016.10.25"]
[SourceQuality "1"]
[WhiteTeam "HASE"]
[BlackTeam "Salgotarjan"]
[WhiteTeamCountry "HUN"]
[BlackTeamCountry "HUN"]

1. d4 g6 2. c4 Bg7 3. Nc3 d6 4. e4 Nf6 5. Bd3 0-0 6. Nge2 c6 7. 0-0 e6 8. h3 Qc7 9. Be3 Nh5 10. g4 Nf6 11. Kg2 Ne8 12. Qd2 f5 13. f3 Qf7 14. Bh6 e5 15. d5 Bxh6 16. Qxh6 f4 17. Qh4 Nd7 18. b4 c5 19. a3 Kg7 20. Bc2 h6 21. Ba4 Nb6 22. Bb3 Nd7 23. Na4 b6 24. Nb2 Nef6 25. Ba4 Bb7 26. Bc6 Rab8 27. b5 g5 28. Qf2 Qe7 29. Nc3 h5 30. a4 a5 31. bxa6 Bxa6 32. Qe2 Rfd8 33. Nb5 Nf8 34. Nd1 Ng6 35. Rh1 hxg4 36. hxg4 Rh8 37. Ndc3 Rh4 38. Rxh4 Nxh4+ 39. Kf2 Rh8 40. Rh1 Qd8 41. Rh3 Ng6 1/2-1/2

[Event "HUN-chT 1011"]
[Site "Hungary"]
[Date "2011.05.15"]
[Round "11"]
[White "Lakos, Nikoletta"]
[Black "Marti, Gyorgy"]
[Result "1/2-1/2"]
[WhiteElo "2287"]
[BlackElo "2225"]
[PlyCount "22"]
[EventDate "2010.10.10"]
[EventType "team-tourn"]
[EventRounds "11"]
[EventCountry "HUN"]
[SourceTitle "EXT 2012"]
[Source "ChessBase"]
[SourceDate "2011.11.24"]
[SourceVersion "1"]
[SourceVersionDate "2011.11.24"]
[SourceQuality "1"]
[WhiteTeam "Haladas"]
[BlackTeam "Honved"]
[WhiteTeamCountry "HUN"]
[BlackTeamCountry "HUN"]

1. e4 c6 2. d4 d5 3. exd5 cxd5 4. Bd3 Nc6 5. c3 Nf6 6. Bf4 e6 7. Nf3 Bd6 8. Bg5 Be7 9. Bf4 Bd6 10. Bg5 Be7 11. Bf4 Bd6 1/2-1/2

[Event "NATO-ch 21st"]
[Site "Koge"]
[Date "2010.10.22"]
[Round "7"]
[White "Harwood, Duncan"]
[Black "Marti, Gyorgy"]
[Result "1-0"]
[WhiteElo "1939"]
[BlackElo "2225"]
[PlyCount "65"]
[EventDate "2010.10.18"]
[EventType "swiss"]
[EventRounds "7"]
[EventCountry "DEN"]
[SourceTitle "EXT 2011"]
[Source "ChessBase"]
[SourceDate "2010.11.26"]
[SourceVersion "1"]
[SourceVersionDate "2010.11.26"]
[SourceQuality "1"]

1. f4 d5 2. Nf3 g6 3. e3 Bg7 4. Be2 Nf6 5. 0-0 0-0 6. d3 c5 7. Qe1 Nc6 8. Qh4 Nd7 9. Nc3 d4 10. exd4 cxd4 11. Ne4 e6 12. Qg3 b6 13. h4 h5 14. Nfg5 Nf6 15. Nxf6+ Bxf6 16. Bf3 Bb7 17. Nxe6 fxe6 18. Qxg6+ Kh8 19. Be4 Qe7 20. Qxh5+ Kg8 21. Rf3 Rf7 22. f5 Ne5 23. Rg3+ Rg7 24. Rxg7+ Bxg7 25. Bg5 Qc7 26. Bxb7 Qxb7 27. f6 Bh8 28. Bf4 Nf7 29. Qg6+ Kf8 30. Rf1 Rc8 31. Bh6+ Nxh6 32. Qxh6+ Kg8 33. Rf4 1-0

[Event "NATO-ch 21st"]
[Site "Koge"]
[Date "2010.10.21"]
[Round "6"]
[White "Marti, Gyorgy"]
[Black "Parisse, Denis"]
[Result "1-0"]
[WhiteElo "2225"]
[BlackElo "1960"]
[PlyCount "41"]
[EventDate "2010.10.18"]
[EventType "swiss"]
[EventRounds "7"]
[EventCountry "DEN"]
[SourceTitle "EXT 2011"]
[Source "ChessBase"]
[SourceDate "2010.11.26"]
[SourceVersion "1"]
[SourceVersionDate "2010.11.26"]
[SourceQuality "1"]

1. d4 d5 2. c4 Nf6 3. cxd5 Qxd5 4. Nc3 Qd8 5. e4 e6 6. Nf3 c5 7. Bg5 cxd4 8. Bb5+ Bd7 9. Nxd4 Be7 10. 0-0 Nxe4 11. Nxe4 Bxg5 12. Nd6+ Kf8 13. Qf3 Bf6 14. Qxb7 Bxd4 15. Qxa8 Qc7 16. Bxd7 Qxd6 17. Ba4 g6 18. Rad1 Kg7 19. Qb7 Rd8 20. b4 Na6 21. Rxd4 1-0

[Event "NATO-ch 21st"]
[Site "Koge"]
[Date "2010.10.18"]
[Round "1"]
[White "Kuzminaite, Ieva"]
[Black "Marti, Gyorgy"]
[Result "1/2-1/2"]
[WhiteElo "2016"]
[BlackElo "2225"]
[PlyCount "74"]
[EventDate "2010.10.18"]
[EventType "swiss"]
[EventRounds "7"]
[EventCountry "DEN"]
[SourceTitle "EXT 2011"]
[Source "ChessBase"]
[SourceDate "2010.11.26"]
[SourceVersion "1"]
[SourceVersionDate "2010.11.26"]
[SourceQuality "1"]

1. d4 Nf6 2. g3 g6 3. Bg2 Bg7 4. Nf3 0-0 5. 0-0 d6 6. Nbd2 c6 7. e4 Qc7 8. e5 dxe5 9. Nxe5 Nbd7 10. Ndf3 Nxe5 11. Nxe5 Be6 12. Qe2 Rad8 13. c3 Nd7 14. Nxd7 Rxd7 15. Bf4 Qa5 16. Rfe1 Rfd8 17. Be5 Bxe5 18. Qxe5 Qxe5 19. Rxe5 Kf8 20. f4 Bd5 21. Bxd5 cxd5 22. Rf1 e6 23. g4 Ke7 24. f5 Rd6 25. fxe6 f6 26. Re3 Ra6 27. Rh3 Rh8 28. a3 Rxe6 29. Kf2 Kf7 30. Rf3 Rhe8 31. Kg3 Re3 32. Rxe3 Rxe3+ 33. Rf3 Re2 34. Rf2 Rxf2 35. Kxf2 Ke6 36. Kf3 f5 37. g5 Kd6 1/2-1/2

[Event "HUN-chT 0910"]
[Site "Hungary"]
[Date "2010.04.11"]
[Round "9"]
[White "Ruck, Tamas"]
[Black "Marti, Gyorgy"]
[Result "1/2-1/2"]
[WhiteElo "2306"]
[BlackElo "2245"]
[PlyCount "24"]
[EventDate "2009.11.08"]
[EventType "team-tourn"]
[EventRounds "11"]
[EventCountry "HUN"]
[SourceTitle "EXT 2011"]
[Source "ChessBase"]
[SourceDate "2010.11.26"]
[SourceVersion "1"]
[SourceVersionDate "2010.11.26"]
[SourceQuality "1"]
[WhiteTeam "Haladas"]
[BlackTeam "Honved"]
[WhiteTeamCountry "HUN"]
[BlackTeamCountry "HUN"]

1. e4 e5 2. Nf3 Nc6 3. Bb5 a6 4. Ba4 Nf6 5. 0-0 b5 6. Bb3 Be7 7. Re1 0-0 8. h3 Re8 9. Ng5 Rf8 10. Nf3 Re8 11. Ng5 Rf8 12. Nf3 Re8 1/2-1/2

[Event "HUN-chT 0102"]
[Site "Hungary"]
[Date "2001.12.02"]
[Round "4"]
[White "Papp, Nandor"]
[Black "Marti, Gyorgy"]
[Result "1/2-1/2"]
[WhiteElo "2148"]
[BlackElo "2279"]
[PlyCount "40"]
[EventDate "2001.??.??"]
[EventType "team"]
[EventRounds "11"]
[EventCountry "HUN"]
[SourceTitle "EXT 2004"]
[Source "ChessBase"]
[SourceDate "2003.11.25"]
[SourceVersion "1"]
[SourceVersionDate "2003.11.25"]
[SourceQuality "1"]

1. c4 c5 2. Nc3 Nc6 3. g3 g6 4. Bg2 Bg7 5. e4 e6 6. Nge2 Nge7 7. 0-0 0-0 8. d3 Nd4 9. Nxd4 Bxd4 10. Ne2 Bg7 11. Qc2 Nc6 12. Be3 d6 13. a3 Nd4 14. Nxd4 Bxd4 15. Bxd4 cxd4 16. b4 e5 17. f4 a5 18. Qd2 Kg7 19. Rac1 axb4 20. axb4 Bd7 1/2-1/2

[Event "HUN-chT 0001"]
[Site "Hungary"]
[Date "2001.03.04"]
[Round "8"]
[White "Marti, Gyorgy"]
[Black "Hidegh, Eszter"]
[Result "1-0"]
[WhiteElo "2283"]
[BlackElo "2120"]
[PlyCount "135"]
[EventDate "2000.11.26"]
[EventType "team"]
[EventRounds "11"]
[EventCountry "HUN"]
[SourceTitle "EXT 2009"]
[Source "ChessBase"]
[SourceDate "2008.11.26"]
[SourceVersion "1"]
[SourceVersionDate "2008.11.26"]
[SourceQuality "1"]
[WhiteTeam "Honved"]
[BlackTeam "Sarospatak"]
[WhiteTeamCountry "HUN"]
[BlackTeamCountry "HUN"]

1. d4 Nf6 2. Nf3 c5 3. d5 d6 4. Nc3 g6 5. e4 Bg7 6. h3 0-0 7. Bd3 a6 8. a4 Qc7 9. Nd2 e6 10. 0-0 exd5 11. Nxd5 Nxd5 12. exd5 Nd7 13. Nc4 Ne5 14. Nxe5 Bxe5 15. c4 Re8 16. Qc2 Qe7 17. Bd2 Qh4 18. f4 Bd4+ 19. Kh2 Bf2 20. f5 g5 21. Rxf2 Qxf2 22. Bxg5 Qxc2 23. Bxc2 Bd7 24. Bf4 Rad8 25. Bd3 f6 26. Ra3 Kf7 27. Bxd6 Bxf5 28. Bxf5 Rxd6 29. Rb3 b6 30. Bxh7 Re5 31. Rf3 b5 32. axb5 axb5 33. b3 b4 34. Bf5 Ra6 35. Be6+ Kg6 36. Rg3+ Rg5 37. Rd3 Ra2 38. Bg4 f5 39. Bf3 Ra8 40. d6 Rd8 41. d7 Kf6 42. Bc6 f4 43. Rd1 Ke6 44. Rf1 Kd6 45. Ba4 Rdg8 46. Rf2 Kc7 47. Kg1 Rg3 48. Kf1 f3 49. gxf3 Rxh3 50. Ke2 Rg6 51. Ke3 Rd6 52. Ke4 Rd4+ 53. Kf5 Rh5+ 54. Kg6 Rdh4 55. f4 Rh6+ 56. Kf5 R4h5+ 57. Kg4 Rh4+ 58. Kf3 Rh3+ 59. Ke4 Rd6 60. Rg2 Rd4+ 61. Kf5 Rh4 62. Rg4 Rxg4 63. Kxg4 Kd8 64. Kf5 Ke7 65. Ke5 Rd6 66. f5 Rd4 67. f6+ Kf7 68. Bc6 1-0

[Event "HUN-chT 0001"]
[Site "Hungary"]
[Date "2001.01.21"]
[Round "5"]
[White "Marti, Gyorgy"]
[Black "Laszlo, Janos"]
[Result "0-1"]
[WhiteElo "2283"]
[BlackElo "2271"]
[PlyCount "134"]
[EventDate "2000.11.26"]
[EventType "team"]
[EventRounds "11"]
[EventCountry "HUN"]
[SourceTitle "EXT 2009"]
[Source "ChessBase"]
[SourceDate "2008.11.26"]
[SourceVersion "1"]
[SourceVersionDate "2008.11.26"]
[SourceQuality "1"]
[WhiteTeam "Honved"]
[BlackTeam "Hajduboszormeny"]
[WhiteTeamCountry "HUN"]
[BlackTeamCountry "HUN"]

1. d4 Nf6 2. Nf3 e6 3. c4 Bb4+ 4. Bd2 Qe7 5. a3 Bxd2+ 6. Nbxd2 d6 7. e4 e5 8. d5 0-0 9. g3 c6 10. Bg2 cxd5 11. cxd5 a5 12. b4 Na6 13. 0-0 Bd7 14. Qb3 Rfc8 15. Rfc1 axb4 16. axb4 Bb5 17. Bh3 Rxc1+ 18. Rxc1 Qd8 19. Nh4 g6 20. Ng2 Qb6 21. Ne3 Qd4 22. Ndc4 Nxe4 23. Bg2 Bxc4 24. Qxc4 Nf6 25. b5 Nc5 26. Qxd4 exd4 27. Nc4 Nce4 28. Re1 Nc3 29. Nxd6 d3 30. Nc4 Ra2 31. Bf3 d2 32. Rf1 Nfxd5 33. Bxd5 Nxd5 34. Rd1 Nc3 35. Rxd2 Rxd2 36. Nxd2 Nxb5 37. Ne4 Nc7 38. f4 h6 39. Kf2 Kf8 40. Ke3 Ke7 41. g4 Nd5+ 42. Kf3 b5 43. h4 b4 44. Nc5 Kd6 45. Nb3 Nc3 46. Ke3 Kd5 47. g5 h5 48. f5 gxf5 49. Kf4 Ne2+ 50. Ke3 Nc3 51. Kf4 Nb5 52. Ke3 Kc4 53. Na5+ Kc3 54. Kf4 Nd6 55. Ke5 b3 56. Nxb3 Kxb3 57. Kxd6 f4 58. Ke7 f3 59. Kxf7 f2 60. Kg6 f1Q 61. Kxh5 Kc4 62. g6 Kd5 63. g7 Qg2 64. Kh6 Ke6 65. h5 Qd2+ 66. Kh7 Qd3+ 67. Kh8 Qd4 0-1

[Event "HUN-chT 9899"]
[Site "Hungary"]
[Date "1999.??.??"]
[Round "?"]
[White "Meleghegyi, Csaba"]
[Black "Marti, Gyorgy"]
[Result "1/2-1/2"]
[WhiteElo "2385"]
[BlackElo "2275"]
[PlyCount "26"]
[EventDate "1998.??.??"]
[EventType "team"]
[EventRounds "12"]
[EventCountry "HUN"]
[SourceTitle "EXT 2000"]
[Source "ChessBase"]
[SourceDate "1999.11.16"]
[SourceVersion "1"]
[SourceVersionDate "1999.11.16"]
[SourceQuality "1"]

1. d4 Nf6 2. Nf3 d5 3. c4 c6 4. cxd5 cxd5 5. Nc3 g6 6. Bf4 Bg7 7. e3 0-0 8. h3 Qb6 9. a3 Nc6 10. Bd3 Bf5 11. 0-0 Bxd3 12. Qxd3 Rac8 13. b4 a6 1/2-1/2

[Event "Linz op"]
[Site "Linz"]
[Date "1997.??.??"]
[Round "3"]
[White "Wiedermann, Franz"]
[Black "Marti, Gyorgy"]
[Result "1/2-1/2"]
[WhiteElo "2105"]
[BlackElo "2295"]
[PlyCount "124"]
[EventDate "1997.05.17"]
[EventType "swiss"]
[EventRounds "9"]
[EventCountry "AUT"]
[SourceTitle "CBM 058 Extra"]
[Source "ChessBase"]
[SourceDate "1997.07.29"]
[SourceVersion "1"]
[SourceVersionDate "1997.07.29"]
[SourceQuality "1"]

1. d4 Nf6 2. Nf3 d5 3. c4 c6 4. cxd5 cxd5 5. Nc3 Nc6 6. Bf4 Bf5 7. e3 e6 8. Ne5 Qb6 9. Bb5 a6 10. Qa4 Rc8 11. Bxc6+ bxc6 12. 0-0 Be7 13. a3 a5 14. b4 axb4 15. axb4 0-0 16. Qa6 Qxa6 17. Rxa6 Bxb4 18. Na2 c5 19. Ra1 Ne4 20. Nc6 Rfe8 21. Naxb4 cxb4 22. Nxb4 g5 23. Be5 f6 24. Bg3 Nxg3 25. hxg3 Rc7 26. Ra7 Ree7 27. Nc6 Rf7 28. Rxc7 Rxc7 29. Ra8+ Kf7 30. Ra7 Rxa7 31. Nxa7 Ke7 32. Nc6+ Kd6 33. Na5 e5 34. f3 Kc7 35. Nb3 Kc6 36. g4 Bc8 37. Kf2 Kb5 38. Nd2 Kb4 39. dxe5 fxe5 40. Nf1 Kc3 41. Ng3 Kc2 42. Nf5 Bd7 43. g3 Kc3 44. Nd6 d4 45. Ne4+ Kc2 46. exd4 exd4 47. Ke1 h6 48. Ke2 Bb5+ 49. Ke1 Kd3 50. Nd6 Bd7 51. Ne4 Ke3 52. Nd2 Bc6 53. Nc4+ Kxf3 54. Ne5+ Kxg3 55. Nxc6 Kxg4 56. Nxd4 h5 57. Ne6 h4 58. Kf2 Kf5 59. Nd4+ Ke4 60. Nf3 Kf4 61. Nxh4 gxh4 62. Kg2 h3+ 1/2-1/2

[Event "HUN-chT 9394"]
[Site "Hungary"]
[Date "1994.??.??"]
[Round "?"]
[White "Bognarne, Cinolter"]
[Black "Marti, Gyorgy"]
[Result "0-1"]
[WhiteElo "2055"]
[BlackElo "2375"]
[PlyCount "74"]
[EventDate "1993.??.??"]
[EventType "team"]
[EventRounds "13"]
[EventCountry "HUN"]
[SourceTitle "TD"]
[Source "ChessBase"]
[SourceDate "1994.03.01"]
[SourceVersion "1"]
[SourceVersionDate "1994.03.01"]
[SourceQuality "1"]

1. e4 c5 2. Nf3 e6 3. d4 cxd4 4. Nxd4 Nf6 5. Bd3 Nc6 6. Be3 d5 7. exd5 Nxd5 8. Nxc6 bxc6 9. Bd2 Qb6 10. b3 Qd4 11. c4 Qxd3 12. cxd5 cxd5 13. Qc1 Bd7 14. Qc3 Qe4+ 15. Kf1 Rc8 16. Qe3 Qxe3 17. fxe3 Bd6 18. Nc3 Ke7 19. Ke2 Rc7 20. h3 Rhc8 21. Rhc1 Be5 22. Kd3 f6 23. a4 Be8 24. Ra2 Bg6+ 25. e4 Bxe4+ 26. Nxe4 dxe4+ 27. Kxe4 Rxc1 28. Bxc1 Rxc1 29. b4 Rb1 30. b5 Rb2 31. Ra3 Bd6 32. Ra1 Rb3 33. g4 Bc5 34. h4 g5 35. hxg5 fxg5 36. Re1 Rb4+ 37. Kf3 Rf4+ 0-1